Podceňovanie žien je najmä v skrytosti príklady, ako firmy zlepšujú uplatnenie žien v manažérskych pozíciách

Podrobná bibliografia
Hlavný autor: Gossányi, Vojtech (Autor)
Médium: Článok
Jazyk:slovenčina
Fyzický popis:Tab.
ISSN:1335-4701
Predmet:

MARC

LEADER 00000nab a2200000 a 4500
001 vtls009092569
003 SK-MaSNL
005 20260303064236.0
008 140301c20070405xo dr|p|||||||000 b|slo
015 |a SNBRB2007/09  |2 snkbucl 
038 |a SNKBUCL 
040 |a SNKBUCL  |b slo  |c SNKBUCL  |e AACR2 
041 0 |a slo 
044 |a xo  |c SK 
080 |a 658.012.43-055.2  |2 2001 
080 |a 005-055.2  |2 2001 
100 1 |a Gossányi, Vojtech  |4 aut  |9 274736 
245 1 0 |a Podceňovanie žien je najmä v skrytosti  |b príklady, ako firmy zlepšujú uplatnenie žien v manažérskych pozíciách  |c Vojtech Gossányi 
300 |b Tab. 
650 0 7 |a ženy  |2 snkbucl  |9 4865 
650 0 7 |a riadiaca práca  |2 snkbucl  |9 925 
773 0 |t Hospodárske noviny  |g Roč. XV., č. 68 (5.-9.4.2007)  |x 1335-4701 
773 0 8 |t Kariéra  |g S. 23 
852 |a SNK  |b KIS3GCP 
999 |c 1746331  |d 1748261